National Spelling Bee Winning States - Statistics

General Stats
  • This quiz has been taken 17 times
    6 since last reset
  • The average score is 8 of 12
Answer Stats
Number of Champions Most Recent Champion State % Correct
6 Rishik Gandhasri (2019) California
100%
4 Bruhat Soma (2024) Florida
100%
17 Faizan Zaki (2025) Texas
100%
7 Pratyush Buddiga (2002) Colorado
80%
5 Jairam Hathwar (2016) New York
80%
4 Sameer Mishra (2008) Indiana
60%
5 Vanya Shivashankar (2015) Kansas
60%
9 Anamika Veeramani (2010) Ohio
60%
7 Sukanya Roy (2011) Pennsylvania
60%
7 Justin Tyler Carroll (1995) Tennessee
60%
4 Marian Richardson (1938) Kentucky
40%
4 Gokul Venkatachalam (2015) Missouri
40%
No matching quizzes found
Score Distribution
Percent of People with Each Score
Percentile by Number Answered
Your Score History
You have not taken this quiz since the last reset